Statistics for Top 20 Most Famous Musical Acts of All Time

Click here to take the quiz!

General Stats

  • This quiz has been taken 278 times
  • The average score is 9 of 20

Answer Stats

%Act% Correct
99The Beatles
96%
72Rolling Stones
87%
78Michael Jackson
74%
92Elvis Presley
66%
72Madonna
63%
70Led Zeppelin
55%
70Elton John
52%
61The Who
42%
59Prince
39%
68The Beach Boys
34%
56David Bowie
33%
52The Doors
33%
62U2
33%
68Aretha Franklin
32%
68Jimi Hendrix
31%
53Bruce Springsteen
24%
48Chuck Berry
20%
57Bob Marley
18%
64Johnny Cash
17%
50Roy Orbison
7%

Score Distribution

Percentile by Number Answered

Percent of People with Each Score

Your Score History

You have not taken this quiz